header

Education, cultural myths, and the ecological crisis (Record no. 9205)

MARC details
000 -LEADER
fixed length control field 01526nam a2200361 a 4500
001 - CONTROL NUMBER
control field ebr10019118
003 - CONTROL NUMBER IDENTIFIER
control field CaPaEBR
006 - FIXED-LENGTH DATA ELEMENTS--ADDITIONAL MATERIAL CHARACTERISTICS--GENERAL INFORMATION
fixed length control field m u
007 - PHYSICAL DESCRIPTION FIXED FIELD--GENERAL INFORMATION
fixed length control field cr cn|||||||||
008 - FIXED-LENGTH DATA ELEMENTS--GENERAL INFORMATION
fixed length control field 920331s1993 nyu sb 001 0 eng
010 ## - LIBRARY OF CONGRESS CONTROL NUMBER
Canceled/invalid LC control number 92013356
020 ## - INTERNATIONAL STANDARD BOOK NUMBER
Cancelled/invalid ISBN 0791412555 (alk. paper)
Cancelled/invalid ISBN 0791412563 (pbk. : alk. paper)
040 ## - CATALOGING SOURCE
Original cataloging agency CaPaEBR
Transcribing agency CaPaEBR
035 ## - SYSTEM CONTROL NUMBER
System control number (OCoLC)614678152
050 14 - LIBRARY OF CONGRESS CALL NUMBER
Classification number GF27
Item number .B69 1993eb
082 04 - DEWEY DECIMAL CLASSIFICATION NUMBER
Classification number 304.2/071/073
Edition number 20
100 1# - MAIN ENTRY--PERSONAL NAME
Personal name Bowers, C. A.
245 10 - TITLE STATEMENT
Title Education, cultural myths, and the ecological crisis
Medium [electronic resource] :
Remainder of title toward deep changes /
Statement of responsibility, etc C.A. Bowers.
260 ## - PUBLICATION, DISTRIBUTION, ETC. (IMPRINT)
Place of publication, distribution, etc Albany, N.Y. :
Name of publisher, distributor, etc State University of New York Press,
Date of publication, distribution, etc c1993.
300 ## - PHYSICAL DESCRIPTION
Extent 232 p.
490 1# - SERIES STATEMENT
Series statement SUNY series in the philosophy of education
504 ## - BIBLIOGRAPHY, ETC. NOTE
Bibliography, etc Includes bibliographical references (p. [219]-228) and index.
533 ## - REPRODUCTION NOTE
Type of reproduction Electronic reproduction.
Place of reproduction Palo Alto, Calif. :
Agency responsible for reproduction ebrary,
Date of reproduction 2013.
Note about reproduction Available via World Wide Web.
-- Access may be limited to ebrary affiliated libraries.
650 #0 - SUBJECT ADDED ENTRY--TOPICAL TERM
Topical term or geographic name as entry element Environmental ethics
Geographic subdivision United States.
Topical term or geographic name as entry element Educational anthropology
Geographic subdivision United States.
Topical term or geographic name as entry element Environmental education
Geographic subdivision United States.
Topical term or geographic name as entry element Environmental protection
General subdivision Study and teaching
Geographic subdivision United States.
655 #7 - INDEX TERM--GENRE/FORM
Genre/form data or focus term Electronic books.
Source of term local
710 2# - ADDED ENTRY--CORPORATE NAME
Corporate name or jurisdiction name as entry element ebrary, Inc.
830 #0 - SERIES ADDED ENTRY--UNIFORM TITLE
Uniform title SUNY series in philosophy of education.
856 40 - ELECTRONIC LOCATION AND ACCESS
Uniform Resource Identifier <a href="http://site.ebrary.com/lib/rucke/Doc?id=10019118">http://site.ebrary.com/lib/rucke/Doc?id=10019118</a>
Public note An electronic book accessible through the World Wide Web; click to view

No items available.

© 2026 Rongo University
Contact us: librarian | system librarian | Rongo university